[Event "Quebec op"]
[Site "Montreal CAN"]
[Date "1998.07.27"]
[Round "4"]
[White "Wenaas, Eric"]
[Black "Regnier, Alain"]
[Result "1-0"]
[WhiteElo "2144"]
[BlackElo "1977"]
[PlyCount "27"]
[GameId "2160767911872519"]
[EventDate "1998.07.25"]
[EventType "swiss"]
[EventRounds "9"]
[EventCountry "CAN"]

1. Nf3 d5 2. d4 Bf5 3. c4 e6 4. Nc3 Nf6 5. Bg5 Bb4 6. cxd5 Qxd5 7. Bxf6 gxf6 8. Qa4+ Nc6 9. Qxb4 Nxb4 10. Nxd5 Nxd5 11. e3 Rg8 12. Rc1 Be4 13. Nd2 Bg6 14. e4 1-0

[Event "Quebec op"]
[Site "Montreal CAN"]
[Date "1998.07.27"]
[Round "4"]
[White "Wolrich, Charles"]
[Black "Khassanov, Marat"]
[Result "0-1"]
[WhiteElo "2135"]
[BlackElo "2351"]
[PlyCount "66"]
[GameId "2160767911872520"]
[EventDate "1998.07.25"]
[EventType "swiss"]
[EventRounds "9"]
[EventCountry "CAN"]

1. d4 Nf6 2. c4 e6 3. Nc3 d5 4. Nf3 c6 5. cxd5 exd5 6. Qc2 Na6 7. a3 h6 8. Bf4 Bd6 9. Bxd6 Qxd6 10. e3 Nc7 11. h3 O-O 12. Bd3 b6 13. b4 Ba6 14. Bxa6 Nxa6 15. O-O Nb8 16. Rfc1 Nbd7 17. Na4 Rac8 18. Ne1 Ne4 19. Nd3 f5 20. b5 c5 21. dxc5 bxc5 22. Qa2 g5 23. Rd1 Kh7 24. Ne1 Ndf6 25. f3 Ng3 26. Nc3 Rfd8 27. Rd3 Qe7 28. Qd2 d4 29. exd4 cxd4 30. Nd1 Nfh5 31. Kf2 Re8 32. Ra2 Nh1+ 33. Kf1 N5g3+ 0-1

[Event "Quebec op"]
[Site "Montreal CAN"]
[Date "1998.07.28"]
[Round "4"]
[White "Gardner, Robert"]
[Black "Gravel, Simon M"]
[Result "1-0"]
[WhiteElo "2180"]
[BlackElo "2285"]
[PlyCount "57"]
[GameId "2160767911872524"]
[EventDate "1998.07.25"]
[EventType "swiss"]
[EventRounds "9"]
[EventCountry "CAN"]
[SourceTitle "EXT 1999"]
[Source "ChessBase"]
[SourceDate "1998.11.10"]
[SourceVersion "1"]
[SourceVersionDate "1998.11.10"]
[SourceQuality "1"]

1. e4 e6 2. d4 d5 3. Nd2 c5 4. exd5 Qxd5 5. Ngf3 cxd4 6. Bc4 Qd6 7. O-O Nf6 8. Nb3 Nc6 9. Nbxd4 Nxd4 10. Nxd4 a6 11. c3 Qc7 12. Qe2 Bd6 13. h3 O-O 14. Bb3 b6 15. Bg5 Bb7 16. Bc2 Kh8 17. Rad1 Rad8 18. Rfe1 Bc5 19. Qd3 Bxd4 20. cxd4 Qc6 21. f3 e5 22. Bxf6 e4 23. Bxg7+ Kxg7 24. Rxe4 f5 25. Re7+ Kh8 26. Qe3 Rf6 27. Bb3 a5 28. Rc1 Qb5 29. Rxb7 1-0

[Event "Quebec op"]
[Site "Montreal CAN"]
[Date "1998.07.28"]
[Round "4"]
[White "Kosic, Dragan"]
[Black "Nogueiras, Jesus"]
[Result "1/2-1/2"]
[WhiteElo "2500"]
[BlackElo "2520"]
[PlyCount "27"]
[GameId "2160767911872525"]
[EventDate "1998.07.25"]
[EventType "swiss"]
[EventRounds "9"]
[EventCountry "CAN"]
[SourceTitle "EXT 1999"]
[Source "ChessBase"]
[SourceDate "1998.11.10"]
[SourceVersion "1"]
[SourceVersionDate "1998.11.10"]
[SourceQuality "1"]

1. d4 d5 2. Bg5 h6 3. Bh4 c6 4. e3 Qb6 5. Qc1 Bf5 6. Nf3 e6 7. c4 Be7 8. Bxe7 Nxe7 9. Nc3 O-O 10. Be2 Nd7 11. O-O dxc4 12. Nd2 Bd3 13. Nxc4 Bxc4 14. Bxc4 1/2-1/2

[Event "Quebec op"]
[Site "Montreal CAN"]
[Date "1998.07.28"]
[Round "4"]
[White "Nataf, Igor A"]
[Black "Tansky, Alexandr"]
[Result "1-0"]
[WhiteElo "2485"]
[BlackElo "2040"]
[PlyCount "99"]
[GameId "2160767911872529"]
[EventDate "1998.07.25"]
[EventType "swiss"]
[EventRounds "9"]
[EventCountry "CAN"]
[SourceTitle "EXT 1999"]
[Source "ChessBase"]
[SourceDate "1998.11.10"]
[SourceVersion "1"]
[SourceVersionDate "1998.11.10"]
[SourceQuality "1"]

1. e4 e5 2. Nf3 d6 3. d4 Nd7 4. Bc4 c6 5. a4 Be7 6. O-O h6 7. Nc3 Ngf6 8. Re1 Qc7 9. Ba2 g5 10. Qd3 Nf8 11. Qc4 Ne6 12. dxe5 dxe5 13. Ne2 Bc5 14. Ng3 Ng4 15. Be3 Nxe3 16. fxe3 f6 17. Nf5 Bf8 18. Red1 Nc5 19. b4 Be6 20. Qe2 Bxa2 21. Rxa2 Ne6 22. c3 Rd8 23. Rxd8+ Nxd8 24. h4 Rh7 25. Nh2 Ne6 26. h5 Ng7 27. Ng3 Qf7 28. Rd2 Be7 29. Nf5 Nxf5 30. exf5 Bf8 31. Ng4 Qe7 32. Qc4 Rh8 33. b5 c5 34. b6 a6 35. a5 Bg7 36. Qa4+ Kf8 37. Qd7 Kf7 38. Qd5+ Kf8 39. Qd8+ Qxd8 40. Rxd8+ Ke7 41. Rxh8 Bxh8 42. Nxh6 c4 43. e4 Bg7 44. Ng4 Kd6 45. h6 Bh8 46. Ne3 Kc5 47. Kf2 Kb5 48. Ke2 Kxa5 49. Nxc4+ Kb5 50. Nd6+ 1-0

[Event "Quebec op"]
[Site "Montreal CAN"]
[Date "1998.07.28"]
[Round "4"]
[White "Poitras, Luc"]
[Black "Archangelsky, Mikhail"]
[Result "0-1"]
[WhiteElo "2095"]
[BlackElo "2275"]
[PlyCount "50"]
[GameId "2160767911872530"]
[EventDate "1998.07.25"]
[EventType "swiss"]
[EventRounds "9"]
[EventCountry "CAN"]
[SourceTitle "EXT 1999"]
[Source "ChessBase"]
[SourceDate "1998.11.10"]
[SourceVersion "1"]
[SourceVersionDate "1998.11.10"]
[SourceQuality "1"]

1. e4 c5 2. Nf3 a6 3. d4 cxd4 4. Nxd4 Nf6 5. Nc3 e5 6. Nde2 Bc5 7. Qd3 Nc6 8. a3 O-O 9. Be3 Bxe3 10. Qxe3 d5 11. exd5 Nxd5 12. Nxd5 Qxd5 13. Nc3 Qa5 14. Bd3 Be6 15. O-O f5 16. Rfe1 Rae8 17. f3 Kh8 18. Kh1 Bg8 19. Qg5 Nd4 20. Ne2 Ne6 21. Qh5 Qb6 22. b4 g6 23. Qh4 Qc6 24. Qg3 e4 25. fxe4 fxe4 0-1

[Event "Quebec op"]
[Site "Montreal CAN"]
[Date "1998.07.28"]
[Round "5"]
[White "Acosta, Mariano"]
[Black "Mahabir, Hugh"]
[Result "1-0"]
[WhiteElo "2249"]
[BlackElo "2022"]
[PlyCount "92"]
[GameId "2160767911872533"]
[EventDate "1998.07.25"]
[EventType "swiss"]
[EventRounds "9"]
[EventCountry "CAN"]
[SourceTitle "EXT 2022"]
[Source "ChessBase"]
[SourceDate "2021.10.06"]
[SourceVersion "1"]
[SourceVersionDate "2021.10.06"]
[SourceQuality "1"]

1. Nf3 Nf6 2. g3 b6 3. Bg2 Bb7 4. d3 d5 5. O-O e6 6. Nbd2 Be7 7. Re1 O-O 8. e4 dxe4 9. Ng5 Nbd7 10. Ngxe4 Qc8 11. a4 a6 12. Qe2 Re8 13. Nc4 Nxe4 14. dxe4 c5 15. Bf4 Qc6 16. h4 Bf8 17. b3 Rad8 18. Rad1 e5 19. Bg5 f6 20. Bc1 Nb8 21. Ne3 b5 22. axb5 axb5 23. c4 b4 24. Nd5 Bc8 25. Be3 Be6 26. Ra1 Nd7 27. Ra7 Ra8 28. Rea1 Rxa7 29. Rxa7 Ra8 30. Qa2 Rxa7 31. Qxa7 Bd6 32. Kh2 Kf7 33. Bh3 Bxh3 34. Kxh3 Bb8 35. Qa5 h5 36. Kg2 Bd6 37. Qd8 Bf8 38. f3 Qd6 39. Qc8 Qe6 40. Qb7 Qd6 41. Bxc5 Qxc5 42. Qxd7+ Kg8 43. Qe6+ Kh7 44. Qf7 Kh6 45. g4 hxg4 46. fxg4 g5 1-0

[Event "Quebec op"]
[Site "Montreal CAN"]
[Date "1998.07.28"]
[Round "5"]
[White "Andersen, Bradley"]
[Black "Rosen, Matthew"]
[Result "0-1"]
[WhiteElo "1543"]
[BlackElo "1871"]
[PlyCount "86"]
[GameId "2160767911872534"]
[EventDate "1998.07.25"]
[EventType "swiss"]
[EventRounds "9"]
[EventCountry "CAN"]
[SourceTitle "EXT 2022"]
[Source "ChessBase"]
[SourceDate "2021.10.06"]
[SourceVersion "1"]
[SourceVersionDate "2021.10.06"]
[SourceQuality "1"]

1. d4 Nf6 2. c4 e6 3. g3 d5 4. Bg2 Be7 5. Nf3 O-O 6. Bg5 Nbd7 7. Nbd2 h6 8. Bxf6 Nxf6 9. e3 b6 10. O-O Bb7 11. Qc2 c5 12. Rfd1 Qc7 13. Rac1 cxd4 14. Nxd4 Rac8 15. cxd5 Qxc2 16. Nxc2 Bxd5 17. Bxd5 Nxd5 18. a3 Bf6 19. Nd4 Bxd4 20. exd4 Rfd8 21. Nb3 Kf8 22. Kf1 Ke7 23. Ke1 Kd7 24. h3 Rxc1 25. Rxc1 Rc8 26. Rxc8 Kxc8 27. Ke2 a5 28. Nd2 Kd7 29. Kd3 a4 30. Nc4 f6 31. Ne3 Kc6 32. Nxd5 Kxd5 33. f4 b5 34. g4 g5 35. fxg5 hxg5 36. Kc3 Ke4 37. Kb4 Kxd4 38. Kxb5 e5 39. Kxa4 e4 40. b4 e3 41. b5 e2 42. b6 e1=Q 43. b7 Qb1 0-1

[Event "Quebec op"]
[Site "Montreal CAN"]
[Date "1998.07.28"]
[Round "5"]
[White "Beaulieu, Eric"]
[Black "Reeve, Jeff"]
[Result "0-1"]
[WhiteElo "2043"]
[BlackElo "2189"]
[PlyCount "82"]
[GameId "2160767911872535"]
[EventDate "1998.07.25"]
[EventType "swiss"]
[EventRounds "9"]
[EventCountry "CAN"]

1. d4 Nf6 2. Nf3 g6 3. c4 Bg7 4. g3 O-O 5. Bg2 d6 6. O-O Nbd7 7. Nc3 e5 8. e4 exd4 9. Nxd4 a6 10. h3 Rb8 11. Be3 Ne5 12. Qe2 c5 13. Nc2 Be6 14. b3 Qc8 15. f4 Nc6 16. Kh2 Ne8 17. Qd2 f5 18. Rac1 Kh8 19. Rfe1 Ne7 20. Bf2 b5 21. cxb5 axb5 22. b4 Bg8 23. a4 bxa4 24. bxc5 dxc5 25. Nxa4 c4 26. e5 Nc7 27. Bc5 Rd8 28. Bd6 Nb5 29. Ne3 Nxd6 30. exd6 Qa6 31. Nc5 Qa7 32. Nxc4 Qxc5 33. Na5 Rxd6 34. Qe2 Qxa5 35. Qxe7 Qd8 36. Qa7 Rd7 37. Qc5 Rd2 38. Rc2 Rxc2 39. Qxc2 Rb2 40. Qc6 Rb8 41. Qc5 Rb3 0-1

[Event "Quebec op"]
[Site "Montreal CAN"]
[Date "1998.07.28"]
[Round "5"]
[White "Constantineau, Yvan"]
[Black "Poulin, Maurice"]
[Result "1-0"]
[WhiteElo "2165"]
[BlackElo "2004"]
[PlyCount "107"]
[GameId "2160767911872537"]
[EventDate "1998.07.25"]
[EventType "swiss"]
[EventRounds "9"]
[EventCountry "CAN"]
[SourceTitle "EXT 2022"]
[Source "ChessBase"]
[SourceDate "2021.10.06"]
[SourceVersion "1"]
[SourceVersionDate "2021.10.06"]
[SourceQuality "1"]

1. d4 g6 2. c4 Bg7 3. e4 Nc6 4. Be3 d6 5. Nc3 e5 6. Nge2 Nh6 7. f3 f5 8. d5 Ne7 9. Qd2 Nf7 10. O-O-O h5 11. Kb1 f4 12. Bf2 g5 13. h3 Bh6 14. Nc1 g4 15. hxg4 hxg4 16. Be2 g3 17. Bg1 Kf8 18. c5 Kg7 19. Nb3 Bg5 20. Rxh8 Kxh8 21. Rc1 Bd7 22. Nb5 Bxb5 23. Bxb5 Ng6 24. Bf1 Be7 25. Na5 b6 26. Nc6 Qf8 27. Nxe7 Qxe7 28. cxd6 cxd6 29. Ba6 Kg7 30. Bc8 Nh4 31. Rc2 Rxc8 32. Rxc8 Qb7 33. Rc1 Qa6 34. Qc2 Kf6 35. Ka1 Ke7 36. Qc7+ Ke8 37. Qc2 Kd7 38. a3 Qb7 39. Qe2 Ke8 40. Rc6 Kd8 41. b4 Ke7 42. b5 Nd8 43. Rc2 Qb8 44. Rc3 Nb7 45. Qc2 Nc5 46. Bxc5 bxc5 47. Rd3 Kf6 48. Rd1 Qe8 49. Rh1 Qh5 50. Rh3 Qg5 51. Qe2 Ke7 52. Qf1 Kf6 53. Qh1 Ng6 54. Rh5 1-0

[Event "Quebec op"]
[Site "Montreal CAN"]
[Date "1998.07.28"]
[Round "5"]
[White "Cormos, Eugene"]
[Black "Goldenberg, Danny"]
[Result "1/2-1/2"]
[WhiteElo "2106"]
[BlackElo "2263"]
[PlyCount "65"]
[GameId "2160767911872538"]
[EventDate "1998.07.25"]
[EventType "swiss"]
[EventRounds "9"]
[EventCountry "CAN"]
[SourceTitle "EXT 2022"]
[Source "ChessBase"]
[SourceDate "2021.10.06"]
[SourceVersion "1"]
[SourceVersionDate "2021.10.06"]
[SourceQuality "1"]

1. e4 c5 2. c3 d5 3. exd5 Qxd5 4. d4 Nf6 5. Nf3 Bg4 6. Be2 e6 7. O-O Nc6 8. Be3 cxd4 9. Nxd4 Bxe2 10. Qxe2 Nxd4 11. Bxd4 Be7 12. Rd1 Qc6 13. Nd2 O-O 14. Nc4 Rfd8 15. b4 Nd5 16. Na5 Qc8 17. Rac1 b6 18. Nb3 Bg5 19. Rc2 Qb7 20. Qf3 Qe7 21. a3 Nf6 22. Re1 Ne8 23. c4 Rac8 24. c5 Bf6 25. Bc3 Bxc3 26. Rxc3 Qf6 27. Rec1 bxc5 28. bxc5 Qxf3 29. gxf3 Kf8 30. Na5 Rd5 31. Nb7 Rc6 32. Kf1 Nc7 33. Rb3 1/2-1/2

[Event "Quebec op"]
[Site "Montreal CAN"]
[Date "1998.07.28"]
[Round "5"]
[White "Cote, Jacques"]
[Black "Trottier, Yves"]
[Result "1-0"]
[WhiteElo "1969"]
[BlackElo "1799"]
[PlyCount "45"]
[GameId "2160767911872539"]
[EventDate "1998.07.25"]
[EventType "swiss"]
[EventRounds "9"]
[EventCountry "CAN"]
[SourceTitle "EXT 2022"]
[Source "ChessBase"]
[SourceDate "2021.10.06"]
[SourceVersion "1"]
[SourceVersionDate "2021.10.06"]
[SourceQuality "1"]

1. e4 e5 2. f4 exf4 3. Bc4 Nf6 4. Nc3 Bb4 5. e5 d5 6. Bb5+ Nfd7 7. Nxd5 c6 8. Nxb4 cxb5 9. d4 Qh4+ 10. Kf1 Nb6 11. Nf3 Qe7 12. Nd3 g5 13. h4 g4 14. Ng5 Nd5 15. Bxf4 Nxf4 16. Nxf4 O-O 17. Nd5 Qd8 18. Nf6+ Kg7 19. Qd3 Rh8 20. Ngxh7 Be6 21. h5 Rxh7 22. Qxh7+ Kf8 23. d5 1-0

[Event "Quebec op"]
[Site "Montreal CAN"]
[Date "1998.07.28"]
[Round "5"]
[White "Dumesnil, Etienne"]
[Black "Gamback, Bjorn"]
[Result "0-1"]
[WhiteElo "1874"]
[BlackElo "2215"]
[PlyCount "76"]
[GameId "2160767911872540"]
[EventDate "1998.07.25"]
[EventType "swiss"]
[EventRounds "9"]
[EventCountry "CAN"]
[SourceTitle "EXT 2022"]
[Source "ChessBase"]
[SourceDate "2021.10.06"]
[SourceVersion "1"]
[SourceVersionDate "2021.10.06"]
[SourceQuality "1"]

1. e4 c5 2. Nf3 d6 3. d4 cxd4 4. Nxd4 Nf6 5. Nc3 g6 6. Be3 Bg7 7. f3 Nc6 8. Qd2 O-O 9. O-O-O d5 10. exd5 Nxd5 11. Nxc6 bxc6 12. Nxd5 cxd5 13. Qxd5 Qc7 14. Qc5 Qb7 15. Bd4 Bf5 16. Bd3 Rfc8 17. Qa3 Bxd3 18. Qxd3 e5 19. Bc3 Rab8 20. Qe3 Qa6 21. a3 Rxc3 22. bxc3 e4 23. f4 Rc8 24. Rd4 Qxa3+ 25. Kd2 Bxd4 26. Qxd4 Qe7 27. Qe3 Qd7+ 28. Qd4 Qc7 29. Ke3 Rd8 30. Qb4 Qd7 31. Qd4 Qc8 32. Qb4 Qg4 33. Qxe4 Qc8 34. Qb4 Re8+ 35. Kf3 Qa8+ 36. Kf2 Re4 37. Qd6 Qe8 38. Qd3 Rxf4+ 0-1

[Event "Quebec op"]
[Site "Montreal CAN"]
[Date "1998.07.28"]
[Round "5"]
[White "Fillion, Steve"]
[Black "Frappier, Clement"]
[Result "1-0"]
[WhiteElo "2143"]
[BlackElo "1867"]
[PlyCount "85"]
[GameId "2160767911872541"]
[EventDate "1998.07.25"]
[EventType "swiss"]
[EventRounds "9"]
[EventCountry "CAN"]
[SourceTitle "EXT 2022"]
[Source "ChessBase"]
[SourceDate "2021.10.06"]
[SourceVersion "1"]
[SourceVersionDate "2021.10.06"]
[SourceQuality "1"]

1. d4 d5 2. Nf3 c6 3. e3 Bf5 4. c4 e6 5. Nc3 Nf6 6. Bd3 Bg6 7. Ne5 Bd6 8. Nxg6 hxg6 9. f4 Nh5 10. O-O Qh4 11. Qf3 Nd7 12. Bd2 Nhf6 13. h3 b6 14. e4 dxe4 15. Nxe4 Be7 16. Ng5 Rc8 17. Rae1 O-O 18. Qe3 Qh5 19. g4 Qh4 20. Re2 Rce8 21. Be1 Qh6 22. Kg2 c5 23. Nf3 cxd4 24. Nxd4 Qh7 25. b4 Bd6 26. Nb5 Bb8 27. Bg3 e5 28. f5 e4 29. Bc2 Bxg3 30. Qxg3 Ne5 31. Bxe4 Nxe4 32. Rxe4 Nc6 33. Rxe8 Rxe8 34. Re1 Rd8 35. Nd6 Nxb4 36. Qe5 Qh4 37. fxg6 fxg6 38. Qe6+ Kh7 39. Rf1 Qg5 40. Ne4 Qa5 41. h4 Kh8 42. Ng5 Rd2+ 43. Kh1 1-0

[Event "Quebec op"]
[Site "Montreal CAN"]
[Date "1998.07.28"]
[Round "5"]
[White "Gilbert, Erick"]
[Black "Caceres Cortes, Julio"]
[Result "1/2-1/2"]
[WhiteElo "1843"]
[BlackElo "1947"]
[PlyCount "81"]
[GameId "2160767911872542"]
[EventDate "1998.07.25"]
[EventType "swiss"]
[EventRounds "9"]
[EventCountry "CAN"]
[SourceTitle "EXT 2022"]
[Source "ChessBase"]
[SourceDate "2021.10.06"]
[SourceVersion "1"]
[SourceVersionDate "2021.10.06"]
[SourceQuality "1"]

1. d4 Nf6 2. c4 c5 3. d5 b5 4. cxb5 a6 5. bxa6 Bxa6 6. Nc3 d6 7. Nf3 g6 8. g3 Bg7 9. Bg2 O-O 10. O-O Nbd7 11. Re1 Qb6 12. h3 Rfb8 13. Rb1 Nh5 14. Bg5 c4 15. Be3 Qa5 16. Nd4 Qc7 17. Nc6 Re8 18. g4 Nhf6 19. Qc2 Kh8 20. b4 cxb3 21. axb3 e5 22. b4 Bc4 23. Red1 Nb6 24. Ne4 Nfxd5 25. Bxb6 Qxc6 26. Nxd6 Qxd6 27. Bc5 Qa6 28. Bxd5 Bxd5 29. Rxd5 e4 30. Rbd1 Qe6 31. Rd6 Qe7 32. Rd7 Qh4 33. Kg2 f5 34. f3 e3 35. Bd4 Bxd4 36. R7xd4 Qf2+ 37. Kh1 Qg3 38. Rd7 Qxh3+ 39. Kg1 Qg3+ 40. Kh1 Qh3+ 41. Kg1 1/2-1/2

[Event "Quebec op"]
[Site "Montreal CAN"]
[Date "1998.07.28"]
[Round "5"]
[White "Gladu, Pierre"]
[Black "Courval, Francois"]
[Result "1-0"]
[WhiteElo "2136"]
[BlackElo "1958"]
[PlyCount "66"]
[GameId "2160767911872543"]
[EventDate "1998.07.25"]
[EventType "swiss"]
[EventRounds "9"]
[EventCountry "CAN"]
[SourceTitle "EXT 2022"]
[Source "ChessBase"]
[SourceDate "2021.10.06"]
[SourceVersion "1"]
[SourceVersionDate "2021.10.06"]
[SourceQuality "1"]

1. e4 c5 2. Nf3 d6 3. d4 cxd4 4. Nxd4 Nf6 5. Nc3 g6 6. Be3 Bg7 7. f3 O-O 8. Qd2 Nc6 9. Bc4 Bd7 10. O-O-O Qb8 11. h4 b5 12. Ndxb5 Rc8 13. Bb3 Na5 14. Na3 Nxb3+ 15. cxb3 a5 16. Nc4 Ra6 17. Qf2 a4 18. Nb6 Rxc3+ 19. bxc3 axb3 20. axb3 Be6 21. e5 dxe5 22. Qd2 Ne8 23. Qd8 Qxd8 24. Rxd8 Kf8 25. Kb2 f5 26. Ra8 Rxa8 27. Nxa8 Nd6 28. Nc7 Bg8 29. Ra1 e4 30. Ra8+ Kf7 31. f4 e5 32. g3 Bf6 33. Nd5 Bg7 1-0

[Event "Quebec op"]
[Site "Montreal CAN"]
[Date "1998.07.28"]
[Round "5"]
[White "Goldner, John"]
[Black "Poitras, Luc"]
[Result "0-1"]
[WhiteElo "1689"]
[BlackElo "2085"]
[PlyCount "118"]
[GameId "2160767911872544"]
[EventDate "1998.07.25"]
[EventType "swiss"]
[EventRounds "9"]
[EventCountry "CAN"]
[SourceTitle "EXT 2022"]
[Source "ChessBase"]
[SourceDate "2021.10.06"]
[SourceVersion "1"]
[SourceVersionDate "2021.10.06"]
[SourceQuality "1"]

1. e4 g6 2. d4 d6 3. c4 Nf6 4. Nc3 Bg7 5. Be2 O-O 6. Bg5 h6 7. Be3 e5 8. d5 a5 9. f3 Nh5 10. Bf2 f5 11. h4 Na6 12. a3 Bd7 13. Nh3 Qe7 14. O-O f4 15. Kh2 Bf6 16. Qe1 Kh7 17. Rh1 a4 18. Bd1 Nc5 19. Bc2 Ng3 20. Bxg3 fxg3+ 21. Kg1 Bxh4 22. Qd2 Kg7 23. Ne2 Rf7 24. Rf1 Raf8 25. Qc3 Kg8 26. Qe3 g5 27. Re1 g4 28. fxg4 Qf6 29. Nxg3 Bxg4 30. Nf5 Bxf5 31. Rf1 Rg7 32. Rxf5 Qg6 33. Rxf8+ Kxf8 34. Qe2 Rf7 35. Kh2 Qg3+ 36. Kg1 Ke7 37. Rh2 Rf6 38. Rh1 b6 39. Rh2 Nd7 40. Bd1 Nc5 41. Bc2 Rf7 42. Rh1 Rf8 43. Rh2 Rf6 44. Rh1 Rg6 45. Rh2 Qg4 46. Qxg4 Rxg4 47. Nf2 Bxf2+ 48. Kxf2 Nxe4+ 49. Kf3 Nf6 50. Bxa4 Rxc4 51. Bb3 Rf4+ 52. Ke2 h5 53. Rh3 Rg4 54. Kf1 Rd4 55. Ke1 h4 56. Ke2 Nh5 57. Rc3 Kd8 58. Kf3 Nf4 59. Ba2 Rd2 0-1

[Event "Quebec op"]
[Site "Montreal CAN"]
[Date "1998.07.28"]
[Round "5"]
[White "Lebeau, Gilbert"]
[Black "Elfert, Aleksandr"]
[Result "0-1"]
[WhiteElo "1854"]
[BlackElo "2195"]
[PlyCount "84"]
[GameId "2160767911872545"]
[EventDate "1998.07.25"]
[EventType "swiss"]
[EventRounds "9"]
[EventCountry "CAN"]
[SourceTitle "EXT 2022"]
[Source "ChessBase"]
[SourceDate "2021.10.06"]
[SourceVersion "1"]
[SourceVersionDate "2021.10.06"]
[SourceQuality "1"]

1. e4 c5 2. Nf3 b6 3. Bc4 e6 4. O-O Bb7 5. Nc3 a6 6. a4 Qc7 7. Re1 d6 8. d3 Be7 9. Bf4 h6 10. Bg3 Nd7 11. Qe2 Ne5 12. Nxe5 dxe5 13. Qh5 Bd6 14. Qe2 Nf6 15. Nd1 O-O 16. Ne3 Kh7 17. Rf1 g6 18. h3 Rae8 19. Bh2 Nh5 20. g4 Nf4 21. Bxf4 exf4 22. Ng2 f3 23. Qxf3 f5 24. Qe2 Qc6 25. f3 Bb8 26. Ne3 b5 27. axb5 axb5 28. Ba2 c4 29. b3 Qb6 30. Kh1 Qa7 31. bxc4 Be5 32. Rab1 Bd4 33. Rxb5 Bc6 34. c3 Bxe3 35. Rb2 fxe4 36. fxe4 Rxf1+ 37. Qxf1 Qg7 38. Qe1 Qa7 39. Qf1 Kg7 40. Bb1 Rf8 41. Qd1 Qc7 42. Rg2 Qf4 0-1

[Event "Quebec op"]
[Site "Montreal CAN"]
[Date "1998.07.28"]
[Round "5"]
[White "Leimanis, Andris"]
[Black "McDonough, Jonathan"]
[Result "0-1"]
[WhiteElo "1669"]
[BlackElo "1889"]
[PlyCount "96"]
[GameId "2160767911872546"]
[EventDate "1998.07.25"]
[EventType "swiss"]
[EventRounds "9"]
[EventCountry "CAN"]
[SourceTitle "EXT 2022"]
[Source "ChessBase"]
[SourceDate "2021.10.06"]
[SourceVersion "1"]
[SourceVersionDate "2021.10.06"]
[SourceQuality "1"]

1. e4 Nf6 2. e5 Nd5 3. c4 Nb6 4. c5 Nd5 5. Bc4 e6 6. d4 d6 7. cxd6 cxd6 8. Qe2 Nb6 9. Bb3 Be7 10. Nf3 Bd7 11. Nc3 Bc6 12. O-O O-O 13. Re1 a5 14. a3 Na6 15. Be3 Nc7 16. Bc2 Ncd5 17. Ne4 Nxe3 18. Qxe3 Nd5 19. Qd3 g6 20. Qd2 Kg7 21. Rad1 a4 22. exd6 Bxd6 23. Nxd6 Qxd6 24. Ne5 Rfc8 25. Re4 Qe7 26. Rg4 Be8 27. Rg3 Nf6 28. Bd3 Rd8 29. Qe3 Ra5 30. h4 h5 31. Rg5 Qc7 32. Rc1 Qb8 33. Nd7 Qa7 34. Nxf6 Kxf6 35. Qf4+ Kg7 36. Rcc5 Rxc5 37. Rxc5 Qb8 38. Qe3 Qd6 39. d5 exd5 40. Qd4+ Qf6 41. Qb4 Bc6 42. Rc1 d4 43. Rd1 Qxh4 44. Bf1 Qe4 45. b3 axb3 46. Qxb3 Rd5 47. Rd3 Rg5 48. Rf3 Qxf3 0-1

[Event "Quebec op"]
[Site "Montreal CAN"]
[Date "1998.07.28"]
[Round "5"]
[White "Luksza, Arkadiusz"]
[Black "Stewart, Ron"]
[Result "1-0"]
[WhiteElo "2087"]
[BlackElo "1772"]
[PlyCount "65"]
[GameId "2160767911872547"]
[EventDate "1998.07.25"]
[EventType "swiss"]
[EventRounds "9"]
[EventCountry "CAN"]
[SourceTitle "EXT 2022"]
[Source "ChessBase"]
[SourceDate "2021.10.06"]
[SourceVersion "1"]
[SourceVersionDate "2021.10.06"]
[SourceQuality "1"]

1. d4 d5 2. Nf3 Nf6 3. c4 c6 4. Nc3 e6 5. e3 Nbd7 6. Qc2 Bd6 7. b3 O-O 8. Bd3 e5 9. cxd5 cxd5 10. dxe5 Nxe5 11. Nxe5 Bxe5 12. f4 Bd6 13. O-O Bd7 14. Ne2 Re8 15. Qb2 Bc5 16. Nd4 a5 17. Bd2 Rc8 18. Rae1 Ne4 19. Bxe4 Rxe4 20. Kh1 b5 21. b4 axb4 22. Bxb4 Qe7 23. Bxc5 Rxc5 24. Qd2 Rc4 25. Nf3 b4 26. Ng5 Rc3 27. Nxe4 Qxe4 28. Qd4 Qf5 29. Qxb4 Rc2 30. Rc1 Rxc1 31. Rxc1 h6 32. Qb8+ Kh7 33. Qb1 1-0

[Event "Quebec op"]
[Site "Montreal CAN"]
[Date "1998.07.28"]
[Round "5"]
[White "Oratovsky, Michael"]
[Black "Gravel, Simon jr"]
[Result "1-0"]
[WhiteElo "2465"]
[BlackElo "1949"]
[PlyCount "63"]
[GameId "2160767911872549"]
[EventDate "1998.07.25"]
[EventType "swiss"]
[EventRounds "9"]
[EventCountry "CAN"]

1. e4 e6 2. d3 d5 3. Nd2 c5 4. g3 Nc6 5. Bg2 Nf6 6. Ngf3 Bd6 7. O-O O-O 8. Re1 Bc7 9. c3 d4 10. cxd4 cxd4 11. e5 Nd7 12. Nc4 Rb8 13. Bg5 f6 14. exf6 Nxf6 15. Nfe5 Nxe5 16. Nxe5 h6 17. Bd2 Nd5 18. Rc1 Rf5 19. Nf3 Bb6 20. Qe2 Bd7 21. Ne5 Bb5 22. Bh3 Rf6 23. Ng4 Rg6 24. Nxh6+ gxh6 25. Bxe6+ Kh7 26. Qh5 Bxd3 27. Bxd5 Qf8 28. Re4 Bxe4 29. Bxe4 Qg7 30. Re1 Bd8 31. h4 Bf6 32. Qf5 1-0

[Event "Quebec op"]
[Site "Montreal CAN"]
[Date "1998.07.28"]
[Round "5"]
[White "Pnevmonidis, Pantelis"]
[Black "Leriche, Felix"]
[Result "1/2-1/2"]
[WhiteElo "2067"]
[BlackElo "2216"]
[PlyCount "46"]
[GameId "2160767911872550"]
[EventDate "1998.07.25"]
[EventType "swiss"]
[EventRounds "9"]
[EventCountry "CAN"]

1. c4 c6 2. Nf3 d5 3. cxd5 cxd5 4. d4 Nc6 5. Nc3 Nf6 6. Bf4 Bf5 7. e3 e6 8. Bb5 Qb6 9. Ne5 Rc8 10. Qb3 Be7 11. O-O O-O 12. Na4 Qa5 13. Bxc6 bxc6 14. Rac1 c5 15. dxc5 Ne4 16. Rfd1 Bxc5 17. Nd7 Rfd8 18. Ndxc5 Nxc5 19. Nxc5 Rxc5 20. Be5 Rdc8 21. Rxc5 Qxc5 22. Qc3 Qxc3 23. Bxc3 Rc4 1/2-1/2